000 nam a22 7a 4500
999 _c127668
_d127668
008 180315b xxu||||| |||| 00| 0 eng d
050 _aBS254
_b.T67
245 _aLa bibbia da studio
260 _aTorino
_bElledici
_c1998
300 _a2941p. ;
_c22cm.
650 _aBible. Italian. TOB
_940694
942 _2lcc
_cMONOGRAPH